00474nam a2200193 a 4500001001300000003000900013005001700022008004100039020000900080082001500089100001600104245002800120260003000148300000900178500003500187505001000222650003200232700001600264nice12345678IN_TiNIC20260116012721.0050524s1986 kera grp 000 0 eng  ac1500a235.2bJOS aJoseph, M J aExplorations into Paul. aKeralabC M C Pressc1986 a121p aincludes index and biblioraphy2 aindex aSaints-Christianity-St.Paul1 aJoseph, M J